000 00862nam a2200289 a 4500
001 66436
003 BD-RjUL
005 20211209081537.0
008 170316s1967 nyu b 001 0 eng
020 _a006040793X
035 _a(BD-RjUL)66566
040 _aDLC
_cDLC
_dBD-RjUL
_beng
041 _aeng
060 _aBF683 B691t
082 0 0 _a153.8
_223
_bBOT 1967
100 1 _aBolles, Robert C.
_9196606
245 1 0 _aTheory of motivation /
_cRobert C. Bolles.
260 _aNew York :
_bHarper & Row,
_c1967.
300 _aviii, 568 p. :
_bill. ;
_c25 cm.
490 0 _aHarper's experimental psychology series
504 _aIncludes indexes and bibliography
650 0 _aMotivation (Psychology)
_9196607
650 2 _aMotivation.
_9196608
830 _aHarper's experimental psychology series
_9201099
942 _2ddc
_cBK
999 _c66436
_d66436